| 000 | 00495cam a2200181ua 4500 | ||
|---|---|---|---|
| 020 | _c8.10 | ||
| 041 |
_aeng _h |
||
| 082 |
_a307.762 _bYEG/VI |
||
| 100 | _aYegna Narayan Ayyar, A.K . | ||
| 245 |
_aVillage improvement and agricultural extension / _cA.K.Yegna Narayan Ayyer. _hTextual Documents |
||
| 250 |
_a1 / _b. |
||
| 260 |
_aBangalore : _bBangalore printing and publishing , _c1954. |
||
| 300 | _a221 ; . | ||
| 365 | _a8.10 | ||
| 504 | _a | ||
| 942 | _cBK | ||
| 999 |
_c2033 _d2033 |
||